000 00296nam a2200133Ia 4500
008 231129s1978||||xx |||||||||||||| ||spa||
040 _bspa
082 _aB869 F151
100 _aFagundes Telles Lygia
245 0 _aLas meninas
260 _c1978
264 _aSudamericana
942 _2ddc
_cBKS
999 _c18843
_d18843